=LDR 00000nam 2200000 4500 =001 INLIS000000000041279 =005 20130612150824 =008 ***********************************IND** =035 ##$$0010-061300000041279 =041 ##$$a IND =082 ##$$a 340.18 =090 ##$$a 340.18, Ssy k.4 =100 ##$$a Asyur, Said Abdul Fattah, Dr =245 ##$$a Kronologi Perang Salib, Dr. Said Abdul Fattah Asyur =260 ##$$a 1993 $b Jakarta =850 ##$$a NBPNMAT =990 ##$$a 0001/BPAP-NTB/20142015